Т. 66, № 8; Ядерная физика

書誌詳細
Parent link:Ядерная физика/ Российская академия наук. Т. 66, № 8.— , 1965-.— 0044-0027
言語:ロシア語
出版事項: 2003
フォーマット: 図書
KOHA link:https://koha.lib.tpu.ru/cgi-bin/koha/opac-detail.pl?biblionumber=420510

MARC

LEADER 00000nam2a2200000 4500
001 420510
005 20231101073401.0
035 |a (RuTPU)RU\TPU\prd\78106 
035 |a RU\TPU\prd\18167 
090 |a 420510 
100 |a 20100317a19659999k y0rusy50 ca 
101 0 |a rus 
102 |a RU 
200 0 |a Т. 66, № 8 
210 |d 2003 
461 1 |0 (RuTPU)RU\TPU\prd\397  |x 0044-0027  |t Ядерная физика  |f Российская академия наук  |v Т. 66, № 8  |d 1965- 
801 0 |a RU  |b 63413507  |c 20010227  |g PSBO 
801 1 |a RU  |b 63413507  |c 20031008  |g PSBO 
801 2 |a RU  |b 63413507  |c 20110310  |g RCR 
942 |c BK 
999 |a НТБ_ТПУ  |b НФ  |e -8/20100113  |p П-7300  |s 14/20030407  |u 0,00  |v 1